Civilizar o exterminar : (Record no. 123340)

MARC details
000 -CABECERA
campo de control de longitud fija 00752nam a2200217 a 4500
005 - FECHA Y HORA DE LA ÚLTIMA TRANSACCIÓN
campo de control 20260309112134.0
008 - ELEMENTOS DE LONGITUD FIJA--INFORMACIÓN GENERAL
campo de control de longitud fija 991125s2000 mx 000 0 spa u
020 ## - NÚMERO INTERNACIONAL NORMALIZADO PARA LIBROS
Número Internacional Estándar del Libro 9684963920
035 ## - NÚMERO DE CONTROL DEL SISTEMA
Número de control de sistema UPN01000151201
049 ## - COLECCIÓN
Colección CG
050 #4 - SIGNATURA TOPOGRÁFICA DE LA BIBLIOTECA DEL CONGRESO
Número de clasificación F1221 T2.5
Número de documento/Ítem L4.2
100 1# - ASIENTO PRINCIPAL--NOMBRE PERSONAL
Nombre de persona León García, Ricardo
245 10 - MENCIÓN DE TÍTULO
Título Civilizar o exterminar :
Resto del título tarahumaras y apaches en Chihuahua, siglo XIX /
Mención de responsabilidad, etc. Ricardo León García, Carlos González Herrera.
260 ## - PUBLICACIÓN, DISTRIBUCIÓN, ETC.
Lugar de publicación, distribución, etc. México :
Nombre del editor, distribuidor, etc. CIESAS :
-- INI,
Fecha de publicación, distribución, etc. 2000.
300 ## - DESCRIPCIÓN FÍSICA
Extensión 304 p. :
Otras características físicas il.
440 #0 - MENCIÓN DE SERIE/ASIENTO SECUNDARIO--TÍTULO
Título Historia de los pueblos indígenas de México
650 #4 - ASIENTO SECUNDARIO DE MATERIA - TERMINO TEMATICO
Término de materia o nombre geográfico como elemento de entrada TARAHUMARAS -
Subdivisión geográfica CHIHUAHUA -
Subdivisión general HISTORIA
9 (RLIN) 8548
650 #4 - ASIENTO SECUNDARIO DE MATERIA - TERMINO TEMATICO
Término de materia o nombre geográfico como elemento de entrada Apaches
Subdivisión geográfica Chihuahua
Subdivisión general Historia
9 (RLIN) 8549
700 1# - ASIENTO SECUNDARIO--NOMBRE DE PERSONAL
Nombre de persona González Herrera, Carlos,
Término indicativo de función/relación coaut.
905 ## - TIPO DE MATERIAL
Tipo de material Libro
Holdings
Estado de retiro Estado de pérdida Fuente del sistema de clasificación o colocación Estado dañado No para préstamo Código de colección Localización permanente Ubicación/localización actual Ubicación en estantería Total de préstamos Clasificación Código de barras Fecha visto por última vez Número de copia Tipo de ítem Koha
    Library of Congress Classification     Colección General Bib. Gregorio Torres Quintero Bib. Gregorio Torres Quintero Planta baja 6 F1221 T2.5 L4.2 248363 31/12/2020 1 Libro